|
|
|
|
| LEADER |
00000cam a22000004a 4500 |
| 001 |
musev2_46233 |
| 003 |
MdBmJHUP |
| 005 |
20230905044831.0 |
| 006 |
m o d |
| 007 |
cr||||||||nn|n |
| 008 |
160614s2016 nbu o 00 0 eng d |
| 010 |
|
|
|z 2016937696
|
| 020 |
|
|
|a 9780803290334
|
| 020 |
|
|
|z 9780803237629
|
| 035 |
|
|
|a (OCoLC)951678430
|
| 040 |
|
|
|a MdBmJHUP
|c MdBmJHUP
|
| 100 |
1 |
|
|a Lamont, Victoria,
|e author.
|
| 245 |
1 |
0 |
|a Westerns :
|b A Women's History /
|c Victoria Lamont.
|
| 264 |
|
1 |
|a Lincoln, NB :
|b University of Nebraska Press,
|c 2016.
|
| 264 |
|
3 |
|a Baltimore, Md. :
|b Project MUSE,
|c 2016
|
| 264 |
|
4 |
|c ©2016.
|
| 300 |
|
|
|a 1 online resource (208 pages).
|
| 336 |
|
|
|a text
|b txt
|2 rdacontent
|
| 337 |
|
|
|a computer
|b c
|2 rdamedia
|
| 338 |
|
|
|a online resource
|b cr
|2 rdacarrier
|
| 490 |
0 |
|
|a Postwestern horizons
|
| 505 |
0 |
|
|a Introduction -- 1. Western Violence and the Limits of Sentimental Power -- 2. Domestic Politics and Cattle Rustling -- 3. Women's Westerns and the Myth of the Pseudonym -- 4. Why Mourning Dove Wrote a Western -- 5. Cattle Branding and the Traffic in Women -- 6. The Masculinization of the Western -- Conclusion -- Notes -- Bibliography -- Index.
|
| 546 |
|
|
|a English.
|
| 588 |
|
|
|a Description based on print version record.
|
| 650 |
|
7 |
|a Western stories.
|2 fast
|0 (OCoLC)fst01174081
|
| 650 |
|
7 |
|a LITERARY CRITICISM
|x Women Authors.
|2 bisacsh
|
| 650 |
|
7 |
|a LITERARY CRITICISM
|x American
|x General.
|2 bisacsh
|
| 650 |
|
0 |
|a Western stories
|x History and criticism.
|
| 655 |
|
7 |
|a Criticism, interpretation, etc.
|2 fast
|0 (OCoLC)fst01411635
|
| 655 |
|
7 |
|a Electronic books.
|2 local
|
| 710 |
2 |
|
|a Project Muse.
|e distributor
|
| 830 |
|
0 |
|a Book collections on Project MUSE.
|
| 856 |
4 |
0 |
|z Texto completo
|u https://projectmuse.uam.elogim.com/book/46233/
|
| 945 |
|
|
|a Project MUSE - Custom Collection
|
| 945 |
|
|
|a Project MUSE - 2016 Complete
|
| 945 |
|
|
|a Project MUSE - 2016 Literature
|